| 000 | 00547nam a2200169Ia 4500 | ||
|---|---|---|---|
| 008 | 090201s9999 xx 000 0 und d | ||
| 010 | _aKPL-20050 | ||
| 040 | _bमराठी | ||
| 041 | _aमराठी | ||
| 082 |
_a24463 _b20050 |
||
| 100 | _aसुमति क्षेत्रमाडे | ||
| 245 |
_aआषाढ मेघ _cसुमति क्षेत्रमाडे |
||
| 260 |
_c2004 _bमनोरंजन प्रकाशन |
||
| 300 |
_a192 _bमोठा |
||
| 600 | _aआषाढ मेघ | ||
| 942 | _cBOOK | ||
| 999 |
_c223780 _d223780 |
||